MSEB महानिर्मिती (Record no. 1222244)

MARC details
000 -LEADER
fixed length control field 00470nam a2200157Ia 4500
008 - FIXED-LENGTH DATA ELEMENTS--GENERAL INFORMATION
fixed length control field 260520s2025 xx 000 0 und d
041 ## - LANGUAGE CODE
Language code of text/sound track or separate title mar
082 ## - DEWEY DECIMAL CLASSIFICATION NUMBER
Classification number 080/KAM
100 ## - MAIN ENTRY--PERSONAL NAME
Personal name कमाले, प्रदिप
245 ## - TITLE STATEMENT
Title MSEB महानिर्मिती
250 ## - EDITION STATEMENT
Edition statement 1st ed
260 ## - PUBLICATION, DISTRIBUTION, ETC.
Place of publication, distribution, etc. नागपूर
Name of publisher, distributor, etc. साई ज्योती पब्लिकेशन
Date of publication, distribution, etc. 2025
300 ## - PHYSICAL DESCRIPTION
Extent 252p.
500 ## - GENERAL NOTE
General note Cat No: 15244
650 ## - SUBJECT ADDED ENTRY--TOPICAL TERM
Topical term or geographic name entry element COMPITITIVE EXAM
Holdings
Withdrawn status Lost status Damaged status Not for loan Collection Home library Current library Shelving location Date acquired Source of acquisition Cost, normal purchase price Total Checkouts Full call number Barcode Date last seen Price effective from Koha item type Public note
          Dr.Patangrao Kadam Mahavidyalaya, Sangli Dr.Patangrao Kadam Mahavidyalaya, Sangli   24/04/2026 Bharati Madhyavarti Sahakari Grahak Bhandar, Pune (Best Book Supplier, Kolhapur) 275.00   080/KAM PKS-V-1943 27/05/2026 27/05/2026 Book General book section